[Event "Madrid Magistral 7th"]
[Site "Madrid"]
[Date "1998.05.15"]
[Round "5"]
[White "San Segundo, Pablo"]
[Black "Anand, Viswanathan"]
[Result "1/2-1/2"]
[WhiteElo "2505"]
[BlackElo "2770"]

1.Nf3 Nf6 2.c4 b6 3.g3 Bb7 4.Bg2 c5 5.O-O g6 6.Nc3 Bg7 7.d4 cxd4 8.Qxd4 d6
9.Be3 Nbd7 10.Rac1 O-O 11.Qd2 a6 12.Bh6 Rc8 13.Bxg7 Kxg7 14.b3 Rc5 15.Rfd1 Re8
16.Qb2 Kg8 17.Ne1 Bxg2 18.Nxg2 Qb8 19.Ne3 b5 20.cxb5 axb5 21.Ncd5 Qb7 22.Qd4 Qc6
23.Rxc5 dxc5 24.Nxf6+ Nxf6 25.Qe5 h5 26.h4 b4 27.Nd5 Nxd5 28.Qxd5 Qxd5 29.Rxd5 Rc8
30.Rd7 c4 31.bxc4 Rxc4 32.Rxe7 Rc2 33.Rb7 Rxe2 34.Rxb4 Rxa2 35.Kg2  1/2-1/2

[Event "Albert/Berlin m"]
[Site "Albert/Berlin"]
[Date "1998.06.08"]
[Round "3"]
[White "Huebner, Robert"]
[Black "Bacrot, Etienne"]
[Result "1/2-1/2"]
[WhiteElo "2560"]
[BlackElo "2565"]

1.Nf3 Nf6 2.c4 b6 3.g3 c5 4.Bg2 Bb7 5.O-O g6 6.Nc3 Bg7 7.d4 cxd4 8.Qxd4 O-O
9.Qh4 h5 10.Bg5 d6 11.e4 Nc6 12.Nd5 Re8 13.Rad1 Nh7 14.Bc1 e6 15.Qxd8 Raxd8
16.Nc7 Re7 17.Nb5 Red7 18.Nfd4 Nxd4 19.Nxd4 d5 20.cxd5 exd5 21.Bh3 Re7 22.exd5 Rxd5
23.Be3 Bxd4 24.Rxd4 Rxd4 25.Bxd4 Ng5 26.Bg2 Nf3+ 27.Bxf3 Bxf3 28.h4 Rd7  1/2-1/2

[Event "Chess Classics Masters"]
[Site "Frankfurt"]
[Date "1998.06.17"]
[Round "1"]
[White "Beim, Valery"]
[Black "Adorjan, Andras"]
[Result "1/2-1/2"]
[WhiteElo "2555"]
[BlackElo "2490"]

1.Nf3 c5 2.c4 Nf6 3.g3 b6 4.Bg2 Bb7 5.O-O g6 6.b3 Bg7 7.Bb2 d5 8.cxd5 O-O
9.Bxf6 Bxf6 10.Nc3 Bxc3 11.dxc3 Bxd5 12.Qd2 Nc6 13.Rad1 Bxf3 14.Bxf3 Qc7
15.Qf4 Rac8 16.Qxc7 Rxc7 17.Bxc6 Rxc6 18.Rd7 Re6 19.e3 a5 20.Rfd1 Kg7 21.Rb7 a4
22.Rdd7 axb3 23.axb3 Ra8 24.Ra7 Rxa7 25.Rxa7 Rd6  1/2-1/2

[Event "Saitek US Masters"]
[Site "Hawaii"]
[Date "1998.07.27"]
[Round "7"]
[White "Martinez, Marce"]
[Black "Antonio, Rogelio Jr"]
[Result "0-1"]
[WhiteElo "2270"]
[BlackElo "2540"]

1.Nf3 c5 2.g3 b6 3.Bg2 Bb7 4.O-O Nf6 5.c4 g6 6.b3 Bg7 7.Bb2 O-O 8.d3 d5 9.e3 Nc6
10.a3 Qd7 11.Qc2 Rfd8 12.Rd1 Rac8 13.Nbd2 Ba8 14.Rac1 Bh6 15.cxd5 Nxd5 16.Nc4 Qe6
17.Re1 Nf6 18.Rcd1 b5 19.Ncd2 Na5 20.Bc3 Nb7 21.Qb1 Nd6 22.Rc1 a6 23.e4 Nde8
24.Rcd1 Qb6 25.b4 c4 26.d4 e6 27.Qc2 Bg7 28.h3 Nd7 29.e5 Nc7 30.h4 h6 31.Nh2 Bxg2
32.Kxg2 Nd5 33.Ne4 Qc6 34.Nf3 Nxc3 35.Nxc3 Nb6 36.Ne4 Nd5 37.Rh1 h5 38.Nfg5 a5
39.bxa5 Ra8 40.Qe2 Rxa5 41.Qf3 Rf8 42.Nd6 Rxa3 43.Qe4 f5 44.exf6 Rxf6  0-1

[Event "Recklinghauser Schachtage"]
[Site "Recklinghausen"]
[Date "1998.07.28"]
[Round "4"]
[White "Henrichs, Thomas"]
[Black "Alterman, Boris"]
[Result "1/2-1/2"]
[WhiteElo "2445"]
[BlackElo "2615"]

1.Nf3 Nf6 2.g3 b6 3.Bg2 Bb7 4.O-O c5 5.c4 g6 6.Nc3 Bg7 7.Re1 d5 8.d4 O-O
9.dxc5 dxc4 10.Qa4 Qc8 11.cxb6 axb6 12.Qb4 Nd5 13.Nxd5 Bxd5 14.e4 Nc6 15.Qxb6 Be6
16.e5 Rb8 17.Qe3 Nb4 18.Nd4 Nd3 19.Nc6 Rb7 20.Re2 Rc7 21.Qb6 Bg4 22.Re3 Bh3
23.Bf3 Bg4 24.Bg2 Bh3 25.Bf3  1/2-1/2

[Event "MK Cafe Cup-A"]
[Site "Koszalin"]
[Date "1998.08.03"]
[Round "1"]
[White "Lobejko, Rafal"]
[Black "Kunte, Abhijit"]
[Result "1/2-1/2"]
[WhiteElo "2360"]
[BlackElo "2505"]

1.Nf3 Nf6 2.g3 b6 3.Bg2 Bb7 4.O-O c5 5.c4 g6 6.b3 Bg7 7.Bb2 O-O 8.Nc3 d6
9.Qc2 a6 10.Rfd1 Nc6 11.e3 Rc8 12.Rac1 Na7 13.d3 b5 14.Ne4 Ne8 15.Nfd2 Qd7
16.Bxg7 Nxg7 17.Qb2 Bc6 18.d4 bxc4  1/2-1/2

[Event "Dresden op"]
[Site "Dresden"]
[Date "1998.08.23"]
[Round "8"]
[White "Romanishin, Oleg M"]
[Black "Lau, Ralf"]
[Result "1-0"]
[WhiteElo "2600"]
[BlackElo "2445"]

1.Nf3 c5 2.g3 b6 3.Bg2 Bb7 4.O-O Nf6 5.c4 g6 6.Nc3 Bg7 7.Re1 Ne4 8.Nxe4 Bxe4
9.d4 cxd4 10.Bh6 Bxh6 11.Qxd4 O-O 12.Qxe4 Nc6 13.Rad1 Rc8 14.h4 Rc7 15.h5 e6
16.hxg6 hxg6 17.e3 Qf6 18.Re2 Rd8 19.Red2 Bf8 20.Qf4 Qxf4 21.gxf4 Bb4 22.Rd3 Be7
23.b3 a6 24.Ng5 Na5 25.Ne4 Nb7 26.Nc3 Nc5 27.R3d2 Bf6 28.Ne2 Be7 29.Nd4 Rdc8
30.Nf3 d6 31.Nd4 Kg7 32.Ne2 Rb8 33.Nd4 Rbc8 34.Bf3 Nd7 35.Kf1 Nf6 36.Bg2 Nd7
37.Ke2 Nb8 38.Rg1 Rh8 39.Be4 Kf6 40.Rdd1 Rc5 41.a4 Rc7 42.Ra1 Bd8 43.Rgd1 Rh5
44.Bf3 Rh8 45.Ra2 Rc5 46.Kf1 g5 47.Ne2 gxf4 48.Nxf4 Bc7 49.Ke2 Rg5 50.Raa1 a5
51.Rh1 Rxh1 52.Rxh1 Rg8 53.Rh7 Bd8 54.Bh5 Rf8 55.Nh3 e5 56.f4 exf4 57.Nxf4 Na6
58.Nd5+ Ke6 59.Nf4+ Kf6 60.Nd5+ Ke6 61.Bg4+ f5 62.Nf4+ Kf6 63.Bh5 Rg8 64.Bf7 Rg4
65.Nd5+ Ke5 66.Rh8  1-0

[Event "Taufkirchen"]
[Site "Taufkirchen"]
[Date "1998.09.05"]
[Round "7"]
[White "Ebner, Josef"]
[Black "Baumgartner, Heinz"]
[Result "0-1"]
[WhiteElo "1979"]
[BlackElo "2323"]

1.Nf3 Nf6 2.g3 b6 3.Bg2 Bb7 4.O-O c5 5.c4 g6 6.b3 Bg7 7.Bb2 O-O 8.d3 d5 9.cxd5 Nxd5
10.Bxg7 Kxg7 11.Qc2 Nc6 12.Qb2+ f6 13.Nc3 e5 14.Nxd5 Qxd5 15.Nd2 Qd7 16.Nc4 Rad8
17.Rac1 Rfe8 18.Rfd1 Nd4 19.e4 f5 20.Ne3 Qf7 21.exf5 gxf5 22.f4 exf4 23.Nxf5+ Qxf5
24.Bxb7 Re2 25.Rd2 Qe5 26.Kf1 f3 27.Be4 Qg5 28.Rxe2 fxe2+ 29.Kg2 Qe3 30.Qc3 Rf8
31.Qe1 Rf1  0-1

[Event "Elista ol (Men)"]
[Site "Elista"]
[Date "1998.09.30"]
[Round "2"]
[White "Damljanovic, Branko"]
[Black "Sunye Neto, Jaime"]
[Result "1/2-1/2"]
[WhiteElo "2555"]
[BlackElo "2520"]

1.Nf3 Nf6 2.c4 b6 3.g3 Bb7 4.Bg2 c5 5.O-O g6 6.Nc3 Bg7 7.d4 cxd4 8.Qxd4 d6
9.Be3 Nbd7 10.Rac1 Rc8 11.b3 Nc5 12.Rfd1 Qd7 13.h3 O-O 14.Qh4 Rfe8 15.Ne5 Qc7
16.Ng4 Bxg2 17.Kxg2 Qb7+ 18.f3 Ncd7 19.Nh6+ Kf8 20.g4 a6 21.a4 Nc5 22.Rb1 Ne6
23.Rbc1 Nc5  1/2-1/2

[Event "Elista ol (Men)"]
[Site "Elista"]
[Date "1998.10.02"]
[Round "4"]
[White "Villamayor, Bong"]
[Black "Dizdarevic, Emir"]
[Result "1-0"]
[WhiteElo "2280"]
[BlackElo "2530"]

1.Nf3 Nf6 2.c4 b6 3.g3 Bb7 4.Bg2 c5 5.O-O g6 6.Nc3 Bg7 7.Re1 O-O 8.e4 Nc6
9.d3 d6 10.h3 Nd7 11.Bg5 Nde5 12.Qd2 Nxf3+ 13.Bxf3 Qd7 14.Bg2 Rfe8 15.Nd5 Nd4
16.Rab1 b5 17.cxb5 Nxb5 18.Kh2 Bxd5 19.exd5 a5 20.Re4 a4 21.a3 Bf6 22.Rbe1 Nd4
23.Qf4 Bxg5 24.Qxg5 Ra7 25.h4 Rb7 26.g4 Kg7 27.Qf4 h6 28.Bh3 Qb5 29.g5 hxg5
30.hxg5 Qxd3 31.R1e3 Qd2 32.Kg2 Kg8 33.Qh4 Qxb2 34.Be6 Nxe6 35.dxe6 f5 36.Re5 dxe5
37.Qh6 e4 38.Qxg6+ Qg7 39.Qxe8+ Qf8 40.Qg6+ Qg7 41.Qxf5 c4 42.Rxe4 Rc7 43.g6 Rc8
44.Qf7+ Qxf7 45.gxf7+ Kg7 46.Rg4+ Kh7 47.Rxc4  1-0

[Event "Elista ol (Men)"]
[Site "Elista"]
[Date "1998.10.02"]
[Round "4"]
[White "Bistric, Faruk"]
[Black "Bitoon, Richard"]
[Result "1/2-1/2"]
[WhiteElo "2435"]
[BlackElo "2350"]

1.Nf3 Nf6 2.g3 b6 3.Bg2 Bb7 4.O-O c5 5.c4 g6 6.b3 Bg7 7.Bb2 O-O 8.d4 cxd4
9.Qxd4 d6 10.Qe3 Nbd7 11.Nc3 Re8 12.Rac1 a6 13.Rfd1 b5 14.cxb5 axb5 15.Nd4 Bxg2
16.Kxg2 b4 17.Na4 Qa5 18.Nc6 Qb5 19.Qf3 Bf8 20.Rc2 e5 21.e4 Ra6 22.Qd3 Qxd3
23.Rxd3 Nc5 24.Nxc5 dxc5 25.Nxe5 Rxa2 26.Nc4 Nxe4 27.Re2 Re6 28.Rd8 Nd6 29.Ne3 Re8
30.Rxe8 Nxe8 31.Nc4 Nc7 32.Rd2 Ne6 33.Rd7 Bg7 34.Bxg7 Kxg7 35.Ne5 Nd4 36.Rxf7+ Kg8
37.Rd7 Nxb3 38.Ng4 Ra6 39.Rc7 Rb6 40.Ne5 h6 41.Rc8+ Kg7 42.Rc7+ Kg8  1/2-1/2

[Event "Elista ol (Men)"]
[Site "Elista"]
[Date "1998.10.09"]
[Round "10"]
[White "Ghorbani, Mohsen"]
[Black "West, Guy"]
[Result "1/2-1/2"]
[WhiteElo "2430"]
[BlackElo "2405"]

1.Nf3 c5 2.c4 Nf6 3.g3 b6 4.Bg2 Bb7 5.O-O g6 6.d3 Bg7 7.e4 O-O 8.Nc3 Nc6
9.Ne1 d6 10.f4 Nd7 11.Be3 Nd4 12.Nf3 a6 13.Rf2 e6 14.Qd2 Qc7 15.Bxd4 cxd4
16.Ne2 e5 17.f5 Nf6 18.Bh3 Bxe4 19.dxe4 Nxe4 20.Qd3 Nxf2 21.Kxf2 Bh6 22.g4 Be3+
23.Kg2 Rfc8 24.b3 b5 25.Nd2 bxc4 26.Nxc4 Qc6+ 27.Kg3 e4 28.Nxd4 Qc7 29.Qxe3 d5+
30.Kg2 dxc4 31.Rc1 Qe5 32.Rf1 cxb3 33.axb3 Rc7 34.f6 Kh8 35.Rf2 Rd8 36.Ne2 Rc6
37.Ng3 Rxf6 38.Rxf6 Qxf6 39.Nxe4 Qe5 40.Kf3 Re8 41.Qf4 Qxf4+ 42.Kxf4 Rb8
43.Bf1 Rxb3 44.Bxa6 Kg7 45.Be2 Rh3 46.Nf2 g5+ 47.Ke4 Rxh2 48.Kf3 Rh4 49.Ne4 Rh3+
50.Ng3 Rh2 51.Nf1 Rh6 52.Ng3 Rb6 53.Bd3 Rb4 54.Nf5+ Kf8 55.Be4 Rb3+ 56.Kg2 Ra3
57.Bd5 Ra4 58.Kg3 Rf4 59.Ne3 Kg7 60.Bf3 Ra4 61.Bd1 Ra3 62.Kf2 Kf6 63.Bc2 h6
64.Bd1 Ra2+ 65.Kf3 Rd2 66.Be2 Rd4 67.Kg3 Re4 68.Kf3 Rf4+ 69.Kg3 Ke5 70.Bf3 Ra4
71.Nd1 Ra3 72.Nf2 Rb3 73.Ne4 Re3 74.Nd2 Rc3 75.Ne4 Ra3 76.Nd2 Rc3 77.Ne4 Rc2
78.Nf2 Ra2 79.Nd3+ Kd4 80.Nb4 Ra4 81.Nc6+ Ke3 82.Ne7 Ra6 83.Nf5+ Kd3 84.Bd5 Rf6
85.Kf3 Ra6 86.Bxf7 Rf6 87.Be8 Kc4 88.Ke4 Re6+ 89.Kf3 Rf6 90.Bd7 Kd5 91.Kg3 Ke5
92.Ne3 Ra6 93.Nc4+ Kf6 94.Kf3 Ra7 95.Bc6 Rc7 96.Bd5 Rxc4 97.Bxc4 h5 98.gxh5 g4+
99.Kxg4 Ke5  1/2-1/2

[Event "Elista ol (Men)"]
[Site "Elista"]
[Date "1998.10.12"]
[Round "13"]
[White "Istratescu, Andrei"]
[Black "Kengis, Edvins"]
[Result "1/2-1/2"]
[WhiteElo "2540"]
[BlackElo "2570"]

1.Nf3 Nf6 2.g3 b6 3.Bg2 Bb7 4.O-O c5 5.c4 g6 6.b3 Bg7 7.Bb2 O-O 8.Nc3 Na6
9.d4 d5 10.dxc5 Nxc5 11.Nxd5 Nxd5 12.Bxg7 Kxg7 13.cxd5 Qxd5  1/2-1/2

[Event "Chigorin mem"]
[Site "St. Petersburg"]
[Date "1998.11.01"]
[Round "2"]
[White "Skatchkov, Pavel"]
[Black "Kostin, Sergei"]
[Result "1-0"]
[WhiteElo "2420"]
[BlackElo "2230"]

1.Nf3 Nf6 2.c4 c5 3.g3 b6 4.Bg2 Bb7 5.O-O g6 6.Nc3 Bg7 7.d3 d6 8.Bd2 O-O
9.Rb1 Na6 10.a3 Qc8 11.b4 e5 12.e4 cxb4 13.axb4 Nc7 14.Qe2 Ne6 15.Ra1 Nd7
16.Nd5 Qd8 17.Ra2 a6 18.Rfa1 h6 19.Be3 f5 20.Nh4 f4 21.Qg4 Ng5 22.gxf4 exf4
23.Nxf4 Bxa1 24.Rxa1 Ne5 25.Qg3 Kh7 26.Nhxg6 Nxg6 27.Nxg6 Rg8 28.Nf4 Qf6
29.Rd1 Nxe4 30.Qh3 Nc3 31.Qd7+ Rg7 32.Nh5 Qg6 33.Qxg7+ Qxg7 34.Nxg7 Nxd1
35.Bxb7 Ra7 36.Be4+ Kxg7 37.Bxb6 Re7 38.Bd4+ Kf7 39.Kf1 Re8 40.b5 axb5 41.cxb5  1-0

[Event "ITA-ch"]
[Site "Saint Vincent"]
[Date "1998.11.21"]
[Round "1"]
[White "Caposciutti, Maurizio"]
[Black "Tatai, Stefano"]
[Result "1/2-1/2"]
[WhiteElo "2360"]
[BlackElo "2395"]

1.Nf3 Nf6 2.c4 c5 3.g3 b6 4.Bg2 Bb7 5.O-O g6 6.b3 Bg7 7.Bb2 O-O 8.Nc3 Na6
9.d3 d5 10.e3 Re8 11.Qe2 Nc7 12.Rad1 d4 13.Nb1 e5 14.e4 Nh5 15.Nbd2 Ne6 16.Rfe1 Bh6
17.Bc1 Neg7 18.h3 Rc8 19.a3 Bc6 20.Nf1 Bxc1 21.Rxc1 h6 22.N1d2 Rc7 23.Ra1 Rce7
24.b4 Qd6 25.b5 Bb7 26.a4 Kh7 27.a5 f5 28.axb6 axb6 29.Ra7 f4 30.g4 Nf6 31.Rea1 Ne6
32.Kf1 Bc8 33.Ke1 Rxa7 34.Rxa7+ Re7  1/2-1/2

[Event "ITA-ch"]
[Site "Saint Vincent"]
[Date "1998.11.23"]
[Round "3"]
[White "Caposciutti, Maurizio"]
[Black "Vezzosi, Paolo"]
[Result "0-1"]
[WhiteElo "2360"]
[BlackElo "2325"]

1.Nf3 Nf6 2.c4 c5 3.g3 b6 4.Bg2 Bb7 5.O-O g6 6.d4 cxd4 7.Qxd4 Bg7 8.Nc3 d6
9.Be3 Nbd7 10.Rac1 Rc8 11.b3 O-O 12.Qh4 Re8 13.Rfd1 Qc7 14.Bh3 Qb8 15.Ng5 h6
16.Bxd7 Nxd7 17.Nge4 f5 18.Nd2 Kh7 19.Nd5 e6 20.Nb4 Ne5 21.f3 Qc7 22.Nd3 Nf7
23.g4 f4 24.Bf2 e5 25.e4 Ng5 26.Kg2 Bf6 27.Be1 Nxe4 28.Nxe4 Bxh4 29.Bxh4 Bxe4
30.fxe4 f3+ 31.Kxf3 Rf8+ 32.Kg2 Qd7 33.h3 b5  0-1

[Event "Autumn Int"]
[Site "Tel Aviv"]
[Date "1998.12.09"]
[Round "2"]
[White "Postniy, Evgeny"]
[Black "Botvinnik, Mikhail2"]
[Result "1/2-1/2"]
[WhiteElo "2260"]
[BlackElo "2205"]

1.Nf3 Nf6 2.c4 b6 3.g3 c5 4.Bg2 Bb7 5.O-O g6 6.Nc3 Bg7 7.d4 cxd4 8.Nxd4 Bxg2
9.Kxg2 Qc8 10.Qd3 Nc6 11.b3 O-O 12.Bb2 Qb7 13.f3 Rfd8 14.e4 Nxd4 15.Qxd4 Ne8
16.Qd2 e6 17.Rad1 d6 18.a4 a6 19.Ba3 Nc7 20.Qe3 Qc6 21.Rc1 Rd7 22.Rfd1 Rad8
23.Rd3 Bf8 24.Qd2 f6 25.b4 Ne8 26.Rd4 Qc8 27.Nd1 Rc7 28.c5 bxc5 29.bxc5 Rdd7
30.cxd6 Rxc1 31.Bxc1 Rxd6 32.Bb2 Rxd4 33.Bxd4 Qd7 34.Nb2 Bc5 35.Bc3 Qxd2+
36.Bxd2 Nd6 37.Nd3 Ba3 38.Bc3 f5 39.Nb4 Bxb4 40.Bxb4 Nc4 41.g4 fxe4 42.fxe4 Kf7
43.Kg3 e5 44.h3 Kf6 45.Kf3 Ke6 46.Ke2 a5  1/2-1/2

[Event "ROM-ch"]
[Site "Bucuresti"]
[Date "1998.12.12"]
[Round "5"]
[White "Danilov, Vladimir"]
[Black "Ionescu, Constantin"]
[Result "0-1"]
[WhiteElo "2335"]
[BlackElo "2515"]

1.c4 Nf6 2.Nf3 c5 3.g3 b6 4.Bg2 Bb7 5.O-O g6 6.Nc3 Bg7 7.Re1 O-O 8.e4 Nc6
9.h3 d6 10.d3 Nd7 11.Be3 Nde5 12.Qd2 Nxf3+ 13.Bxf3 Nd4 14.Bg2 Qd7 15.Ne2 f5
16.Nxd4 cxd4 17.Bh6 e5 18.exf5 Bxh6 19.Qxh6 Bxg2 20.Kxg2 Rxf5 21.Qd2 Raf8
22.Re2 Rf3 23.Rf1 b5 24.b3 bxc4 25.bxc4 Qa4 26.Rb1 Qc6 27.Kg1 Qd7 28.Kg2 Qf5
29.Rb3 g5 30.Ra3 Rf7 31.Rb3 h5 32.Ra3 Kh7 33.Rb3 h4 34.Ra3 hxg3 35.fxg3 g4
36.hxg4 Qxg4 37.Qe1 Rxg3+  0-1

[Event "Avoine op"]
[Site "Avoine"]
[Date "1998.??.??"]
[Round "?"]
[White "Olarasu, Gabriela"]
[Black "Le Duin, Thierry"]
[Result "1-0"]
[WhiteElo "2270"]
[BlackElo "2030"]

1.Nf3 Nf6 2.c4 b6 3.g3 Bb7 4.Bg2 c5 5.O-O g6 6.Nc3 Bg7 7.Re1 d6 8.d4 cxd4
9.Qxd4 O-O 10.Qh4 Nbd7 11.Bh6 Rb8 12.Rac1 Nh5 13.Bxg7 Kxg7 14.Nd5 Nhf6 15.Qd4 h6
16.e4 Kh7 17.Rcd1 Kg7 18.b3 e5 19.Qb2 Nxd5 20.cxd5 Qe7 21.Nd2 Nc5 22.Bf1 a5
23.a3 Ba6 24.Bxa6 Nxa6 25.b4 Rfc8 26.Rc1 axb4 27.axb4 Qd7 28.Rc6 Rxc6 29.dxc6 Qc7
30.Ra1 Qc8 31.b5 Nc7 32.Ra7 Ra8 33.Rb7 Rb8 34.Nc4 Ne8 35.Nxb6 Qd8 36.Rxb8 Qxb8  1-0

[Event "Regionalliga SO9798"]
[Site "Bayern"]
[Date "1998.??.??"]
[Round "?"]
[White "Kohout, Peter"]
[Black "Hecht, Hans Joachim"]
[Result "1/2-1/2"]
[WhiteElo "2405"]
[BlackElo "2245"]

1.Nf3 Nf6 2.g3 b6 3.Bg2 Bb7 4.O-O c5 5.c4 g6 6.b3 Bg7 7.Bb2 O-O 8.Nc3 e6
9.e3 d5 10.cxd5 Nxd5 11.d4 Nxc3 12.Bxc3 Nd7 13.Rc1 Rc8 14.dxc5 Nxc5 15.Bxg7 Kxg7
16.Qxd8 Rfxd8 17.Rfd1  1/2-1/2

[Event "Berliner Sommer 16th"]
[Site "Berlin"]
[Date "1998.??.??"]
[Round "3"]
[White "Kelly, Bryan"]
[Black "Eingorn, Vereslav S"]
[Result "1/2-1/2"]
[WhiteElo "2405"]
[BlackElo "2610"]

1.Nf3 b6 2.g3 Bb7 3.Bg2 Nf6 4.O-O g6 5.c4 c5 6.Nc3 Bg7 7.d4 cxd4 8.Qxd4 d6
9.Rd1 Nbd7 10.b3 Rc8 11.Bb2 O-O 12.Qd2 Rc5 13.Rac1 Qa8 14.Ne1 a6 15.a4 Rc7
16.Bxb7 Qxb7 17.Nd3 Nc5 18.Qc2 Rd8 19.Nf4 e6 20.Ba1 Nce4 21.Nxe4 Nxe4 22.Bxg7 Kxg7
23.Qb2+ Nf6 24.h4 h6 25.Rc3 b5 26.axb5 axb5 27.Nd5 Nxd5 28.cxd5 Rxc3 29.Qxc3+ e5
30.Qc6 Qxc6 31.dxc6 e4 32.Rd5 Rc8 33.Rxd6 Kf8 34.h5 Ke7 35.Rd7+ Ke6 36.hxg6 fxg6
37.Rb7 Rxc6 38.Rxb5 Rc2 39.e3 h5 40.Kg2 Rb2 41.Rb8 Kf7 42.b4 g5 43.b5 Rb1
44.b6 g4 45.b7 Kg7 46.Re8 Rxb7 47.Rxe4 Rb1 48.Rf4 Kg6 49.Rf8 Re1 50.Rf4  1/2-1/2

[Event "Bodensee Cup 4th"]
[Site "Bodensee"]
[Date "1998.??.??"]
[Round "2"]
[White "Zueger, Beat"]
[Black "Darga, Klaus"]
[Result "1/2-1/2"]
[WhiteElo "2395"]
[BlackElo "2405"]

1.c4 Nf6 2.Nf3 b6 3.g3 c5 4.Bg2 Bb7 5.O-O g6 6.b3 Bg7 7.Bb2 O-O 8.Nc3 Nc6
9.d4 Nxd4 10.Nxd4 Bxg2 11.Kxg2 cxd4 12.Qxd4 d6 13.e4 Qd7 14.Nd5 Ne8 15.Qd2 Bxb2
16.Qxb2 Nc7 17.Ne3 Ne6 18.f3 f6 19.Nd5 Rac8 20.Rac1 Nc7 21.Rfe1 f5 22.Nxc7 Rxc7
23.e5 d5 24.Red1 Rfc8 25.Qd2 Rc5 26.cxd5 Rxc1 27.Rxc1 Rxc1 28.Qxc1 Qxd5 29.Qc7  1/2-1/2

[Event "Wch-09 blind "]
[Site "Brno"]
[Date "1998.??.??"]
[Round "6"]
[White "Sakic, Milutin"]
[Black "Marendic, Vlatko"]
[Result "1/2-1/2"]
[WhiteElo "2225"]
[BlackElo "2130"]

1.Nf3 c5 2.g3 b6 3.Bg2 Bb7 4.O-O Nf6 5.c4 g6 6.Nc3 Bg7 7.d3 O-O 8.Rb1 d6
9.Bd2 Nbd7 10.b4 cxb4 11.Rxb4 Nc5 12.a4 Rc8 13.Nb5 a6 14.Nc3  1/2-1/2

[Event "Calcutta"]
[Site "Calcutta"]
[Date "1998.??.??"]
[Round "5"]
[White "Rahman, Ziaur"]
[Black "Kunte, Abhijit"]
[Result "1/2-1/2"]
[WhiteElo "2485"]
[BlackElo "2460"]

1.c4 Nf6 2.Nf3 b6 3.g3 c5 4.Bg2 Bb7 5.O-O g6 6.d3 Bg7 7.e4 d6 8.Nc3 O-O 9.Bg5 h6
10.Bd2 Nc6 11.a3 Nd7 12.Nh4 e6 13.f4 Nd4 14.Rb1 a6 15.Ne2 b5 16.Nxd4 cxd4
17.cxb5 axb5 18.Bb4 Nc5 19.Rc1 Na6 20.Be1 Rc8 21.Rxc8 Bxc8 22.b4 Bd7 23.Bd2 Nb8
24.Qc2 Nc6 25.Rc1 Qb6 26.Qb3 Rc8 27.Bh3 Qb7 28.Rf1 Kh7 29.f5 exf5 30.exf5 Ne5
31.Bg2 Bc6 32.Bxc6 Qxc6 33.Bf4 Rc7 34.fxg6+ fxg6 35.Qe6 Qd7 36.Qd5 Qc6 37.Qe6 Qd7
38.Qd5 Qc6 39.Qb3 Qc3 40.Qe6 Qxd3 41.Qxd6 Rc2 42.Bxe5 Qe3+ 43.Kh1 Qe4+ 44.Kg1  1/2-1/2

[Event "Cannes op"]
[Site "Cannes"]
[Date "1998.??.??"]
[Round "1"]
[White "Dunnington, Angus J"]
[Black "Pelletier, Yannick"]
[Result "1/2-1/2"]
[WhiteElo "2390"]
[BlackElo "2515"]

1.Nf3 Nf6 2.g3 b6 3.Bg2 Bb7 4.O-O g6 5.c4 c5 6.Nc3 Bg7 7.Re1 Ne4 8.Nxe4 Bxe4
9.d3 Bb7 10.e4 Nc6 11.Rb1 O-O 12.a3 a5 13.Bd2 a4 14.e5 e6 15.d4 d6 16.Bg5 Qb8
17.dxc5 dxc5 18.Qe2 h6 19.Bf6 Bxf6 20.exf6 Qd8 21.Ne5 Nd4 22.Qg4 Bxg2 23.Nxg6 Nf3+
24.Kxg2 Nxe1+ 25.Rxe1 Qxf6 26.Nxf8+ Kxf8 27.Rd1 Qxb2 28.Qf4 Kg7 29.Qg4+ Kh8
30.Qh4 Qg7 31.Rd8+ Rxd8 32.Qxd8+ Kh7 33.Qxb6 Qd4 34.Qb5 Qe4+ 35.Kg1 Qe1+
36.Kg2 Qe4+ 37.Kg1 Qe1+  1/2-1/2

[Event "Chemnitz op"]
[Site "Chemnitz"]
[Date "1998.??.??"]
[Round "6"]
[White "Vogt, Lothar"]
[Black "Timoshchenko, Gennadi A"]
[Result "1/2-1/2"]
[WhiteElo "2510"]
[BlackElo "2520"]

1.Nf3 Nf6 2.c4 b6 3.g3 Bb7 4.Bg2 c5 5.O-O g6 6.b3 Bg7 7.Bb2 O-O 8.Nc3 Na6
9.Qc1 d5 10.Nxd5 Nxd5 11.cxd5 Bxb2 12.Qxb2 Qxd5 13.Rfd1 Rac8 14.Rac1 Qd6
15.d4 Qf6 16.Qa3 cxd4 17.Nxd4 Rxc1 18.Qxc1 Bxg2 19.Kxg2 Rd8 20.Nf3 Rxd1 21.Qxd1 Nb4
22.a3 Nc6 23.Qd7 Qd6 24.Qb7 Kg7 25.b4 a5 26.Qxb6  1/2-1/2

[Event "Eger Agria op"]
[Site "Eger Agria"]
[Date "1998.??.??"]
[Round "6"]
[White "Andersen, Hans"]
[Black "Bujdoso, Bela"]
[Result "0-1"]
[WhiteElo "2080"]
[BlackElo "2140"]

1.c4 c5 2.Nf3 Nf6 3.g3 b6 4.Bg2 Bb7 5.O-O g6 6.Nc3 Bg7 7.d4 cxd4 8.Nxd4 Bxg2
9.Kxg2 O-O 10.f3 d5 11.cxd5 Nxd5 12.Ndb5 Bxc3 13.bxc3 Nc6 14.e4 Nf6 15.Qe2 Qc8
16.Bb2 Na5 17.Ba3 Qb7 18.c4 Rac8 19.Bb2 Rfd8 20.Rac1 a6 21.Nd4 Ne8 22.Nb3 Nc6
23.Ba1 e5 24.c5 b5 25.f4 Ng7 26.fxe5 Ne6 27.Rcd1 a5 28.Qe3 a4 29.Nd4 Ncxd4
30.Bxd4 Qc6 31.Qf2 Qxe4+ 32.Kg1 Ng5 33.Qg2 Rxd4 34.Rxd4 Qxd4+ 35.Kh1 Qxc5
36.h4 Ne6 37.Qh3 Qxe5  0-1

[Event "FIN-chT 9798"]
[Site "Finland"]
[Date "1998.??.??"]
[Round "7"]
[White "Taivainen, Jukka"]
[Black "Kanko, Ilkka"]
[Result "1/2-1/2"]
[WhiteElo "2295"]
[BlackElo "2270"]

1.Nf3 Nf6 2.c4 b6 3.g3 Bb7 4.Bg2 c5 5.O-O g6 6.Nc3 Bg7 7.d4 cxd4 8.Nxd4 Bxg2
9.Kxg2 O-O 10.e4 Qc7 11.Qe2 Nc6 12.Nxc6 Qxc6 13.Nd5 Nxd5 14.exd5 Qb7 15.Rd1 e6
16.Be3 exd5 17.Rxd5 Rfe8 18.Rd1 Re7 19.Qf3 Bxb2 20.Rxd7 Rxd7 21.Rxd7 Qxd7
22.Qxa8+ Kg7 23.c5 bxc5 24.Bxc5 h5 25.h4 a6 26.Bf8+ Kh7 27.Qxa6 Qd5+ 28.Kh2 Be5
29.Qe2 Qd4 30.Kg2 Qd5+ 31.Kg1 Bc7 32.Qe3 Kg8 33.Qc5 Qxa2 34.Bh6 Qb1+ 35.Kg2 Qb8
36.Qc6 Be5 37.Bc1  1/2-1/2

[Event "Bundesliga 9798"]
[Site "Germany"]
[Date "1998.??.??"]
[Round "?.2"]
[White "Votava, Jan"]
[Black "Stohl, Igor"]
[Result "1/2-1/2"]
[WhiteElo "2515"]
[BlackElo "2565"]

1.Nf3 Nf6 2.c4 b6 3.g3 c5 4.Bg2 Bb7 5.O-O g6 6.b3 Bg7 7.Bb2 O-O 8.Nc3 Na6
9.d3 d5 10.e3 dxc4 11.bxc4 Nb4 12.Ne1 Bxg2 13.Kxg2 a6 14.a3 Nc6 15.f4 b5
16.Qf3 Qb6 17.Rb1 bxc4 18.Na4 Qb5 19.Nc3 Qb6 20.Na4 Qb5 21.Nc3 Qb6  1/2-1/2

[Event "BL2-N9798"]
[Site "Germany"]
[Date "1998.??.??"]
[Round "4.6"]
[White "Westphal, Matthias"]
[Black "Pachow, Joerg"]
[Result "1/2-1/2"]
[WhiteElo "2280"]
[BlackElo "2340"]

1.Nf3 Nf6 2.g3 b6 3.Bg2 Bb7 4.O-O c5 5.c4 g6 6.b3 Bg7 7.Bb2 O-O 8.d4 cxd4
9.Bxd4 Na6 10.Nc3 Nc7 11.Rc1 Ne6 12.Be3 Nc5 13.b4 Ne6 14.Nd5 Ng4 15.Bd2 b5
16.Bc3 bxc4 17.Bxg7 Nxg7 18.Rxc4 Bxd5 19.Qxd5 Nf6 20.Qd3 d5 21.Rc6 Rc8 22.Rfc1 Rxc6
23.Rxc6 Qb8 24.a3 Nf5 25.Nd4 Nd6 26.Qe3 Qb7 27.Qc1 Nb5 28.Nxb5 Qxb5 29.e3 e6
30.Rc8 Rxc8 31.Qxc8+ Kg7 32.Bf1 Qb6 33.Qc3 Qd6 34.f4 h6 35.h3 g5 36.Qd4 Qe7
37.fxg5 hxg5 38.Qe5 Kh6 39.Bd3 Qd8 40.h4 Ng4 41.Qd4 f5 42.Be2 e5 43.Qxa7 gxh4
44.Qa6+ Kg5 45.Bxg4 fxg4 46.Qe6 Qc7 47.gxh4+ Kxh4 48.Qf6+ Kh3 49.Qf1+ Kh4
50.Qf6+ Kh3  1/2-1/2

[Event "BL2-O9798"]
[Site "Germany"]
[Date "1998.??.??"]
[Round "9.1"]
[White "Espig, Lutz"]
[Black "Assmann, Thomas"]
[Result "1-0"]
[WhiteElo "2410"]
[BlackElo "2345"]

1.Nf3 Nf6 2.c4 b6 3.g3 c5 4.Bg2 Bb7 5.O-O g6 6.b3 Bg7 7.Bb2 O-O 8.Nc3 d6
9.e3 Ne4 10.Qc2 Nxc3 11.Bxc3 Nd7 12.Bxg7 Kxg7 13.d4 cxd4 14.exd4 e6 15.Rad1 a6
16.Rfe1 Rc8 17.Qb2 Rc7 18.Nh4 Bxg2 19.Nxg2 Nf6 20.Nf4 Qc8 21.d5 e5 22.Nd3 Nh5
23.Nb4 a5 24.Nc6 Qg4 25.Nxe5  1-0

[Event "HUN-chT9899"]
[Site "HUN"]
[Date "1998.??.??"]
[Round "?"]
[White "Farago, Sandor"]
[Black "Orgovan, Sandor"]
[Result "1/2-1/2"]
[WhiteElo "2335"]
[BlackElo "2340"]

1.c4 Nf6 2.Nf3 c5 3.g3 b6 4.Bg2 Bb7 5.O-O g6 6.Nc3 Bg7 7.Re1 d6 8.e4 e5 9.d3 Nc6
10.Nh4 O-O 11.Rb1 Nd4 12.b4 cxb4 13.Rxb4 Nd7 14.Nf3 Nxf3+ 15.Bxf3 Nc5 16.a4 Qd7
17.Be3 Ne6 18.a5 bxa5 19.Ra4 f5 20.Rxa5 f4 21.gxf4 exf4 22.Bd2 Nd4 23.Bg4 Qd8
24.Nb5 Qh4 25.Nxd6 f3 26.h3 Ne2+ 27.Rxe2 fxe2 28.Qxe2 Qe7 29.Nxb7 Qxb7 30.Be6+ Kh8
31.Be1 Bd4 32.Bd5 Qc7 33.Kg2 Rab8 34.Rb5 Rbe8 35.Rb7 Qd6 36.Qg4 Re7 37.Qg3 Be5
38.Qe3 a5 39.d4 Bf4 40.Qb3 Qf6 41.e5 Qg5+ 42.Kf1 Rxb7 43.Bxb7 a4 44.Qa3 Kg7
45.e6 Qf6 46.d5 Be5 47.Bc6 Bb2 48.Qxa4 Bd4 49.Qa3 Bxf2 50.Qxf8+ Kxf8 51.Bxf2 Qf3
52.Kg1 Qd1+ 53.Kg2 Qe2 54.c5 Ke7 55.Kg3 Qd3+  1/2-1/2

[Event "HUN-chT9899"]
[Site "HUN"]
[Date "1998.??.??"]
[Round "?"]
[White "Kustar, Sandor"]
[Black "Orgovan, Sandor"]
[Result "1-0"]
[WhiteElo "2390"]
[BlackElo "2340"]

1.Nf3 c5 2.c4 Nf6 3.g3 b6 4.Bg2 Bb7 5.O-O g6 6.Nc3 Bg7 7.Re1 d6 8.e4 e5 9.d4 Nc6
10.dxe5 dxe5 11.Nd5 h6 12.b4 Nd7 13.a3 O-O 14.Bb2 a5 15.Bh3 Bc8 16.Qd2 Nd4
17.Nxd4 exd4 18.Qd1 Ne5 19.Bxc8 Rxc8 20.Rc1 axb4 21.axb4 Ra8 22.f4 Nc6 23.e5 Ne7
24.Qb3 cxb4 25.Bxd4 b5 26.Bc5 bxc4 27.Nxe7+ Qxe7 28.Bxe7 cxb3 29.Bxf8 Bxf8
30.Kf1 b2 31.Rc2 Bc5 32.Rxb2 Bd4 33.Rc2 Bc3 34.Rd1 Ra7 35.Ke2 h5 36.Rd6 Kf8
37.Kd3 Ke7 38.Re2 Rc7 39.Rb6 Rd7+ 40.Kc4 Rd1 41.e6 Rd4+ 42.Kc5 fxe6 43.Rexe6+ Kf7
44.Rf6+ Ke7 45.Rxg6 Rd7 46.Kc4 h4 47.Rh6 Rd4+ 48.Kb3 Rd3 49.Rh7+  1-0